Clips du top 50 de l'année 2018 - Statistiques

Statistiques générales
  • Ce quiz a été pris 485 fois
  • Le résultat moyen est 6 sur 8
Statistiques - réponses
Par images Réponse % Correct
Aya Nakamura - Djadja
99%
Angèle & Roméo Elvis - Tout oublier
91%
Hoshi - Ta marinière
79%
PNL - À l'ammoniaque
73%
Vegedream - Ramenez la coupe à la maison
73%
Slimane - Viens on s’aime
71%
Trois Cafés Gourmands - À nos souvenirs
57%
Dadju - Bob Marley
29%
Aucun quiz correspondant
Distribution des résultats
% des personnes avec chaque résultat
Percentile par nombre de réponses
Votre historique - résultats
Vous n’avez pas pris ce quiz